La evaluación en educación física: investigación y práctica en el ámbito escolar

Shranjeno v:
Bibliografske podrobnosti
Main Authors: Hernández Álvarez, Juan Luis (Author), Velásquez Buendía, Roberto (Author)
Format: Knjiga
Jezik:španščina
Izdano: Barcelona Graó 2004
Izdaja:1a. ed
Serija:Didáctica de la Expresión Corporal, 200
Teme:
Oznake: Označite
Brez oznak, prvi označite!

MARC

LEADER 00000nam a2200000 a 4500
001 UCK3020
003 CL-VaPUC
008 050408e20040000SP |||||||||||||||||spa|d
020 |a 8478273441 
082 0 4 |a 372.86  |b HER  |2 21 
100 |a Hernández Álvarez, Juan Luis  |e author  |9 389693 
700 0 |a Velásquez Buendía, Roberto  |e author  |9 491040 
245 1 3 |a La evaluación en educación física: investigación y práctica en el ámbito escolar 
250 |a 1a. ed 
300 |a 333 p 
942 |c BK 
945 |d 20050408 00:00:00  |a cmena 
260 |a Barcelona  |b Graó  |c 2004 
650 0 |a Educación física  |9 240893 
650 0 |a Educación básica   |9 224933 
650 0 |a Evaluación de la educación   |9 237505 
583 |a last modification  |c 20050408 00:00:00  |k Rodrigo Vera 
490 0 |a Didáctica de la Expresión Corporal, 200 
999 |c 312367  |d 312365 
952 |0 0  |1 0  |4 0  |6 372_860000000000000_HER_2004  |7 0  |8 A  |9 382569  |a BIBEDU  |b BIBEDU  |d 2019-11-21  |i 4108019  |o 372.86 HER 2004  |p 4108019  |r 2019-11-21  |w 2019-11-21  |y BK  |k EFI 
952 |0 0  |1 0  |4 0  |6 372_860000000000000_HER_2004  |7 0  |8 A  |9 382570  |a BIBEDU  |b BIBEDU  |d 2019-11-21  |i 4108027  |o 372.86 HER 2004  |p 4108027  |r 2019-11-21  |w 2019-11-21  |y BK  |k EFI 
952 |0 0  |1 0  |4 0  |6 372_860000000000000_HER_2004  |7 0  |8 A  |9 382571  |a BIBEDU  |b BIBEDU  |d 2019-11-21  |i 4108035  |o 372.86 HER 2004  |p 4108035  |r 2019-11-21  |w 2019-11-21  |y BK  |k EFI 
952 |0 0  |1 0  |4 0  |6 372_860000000000000_HER_2004  |7 0  |8 A  |9 382572  |a BIBEDU  |b BIBEDU  |d 2019-11-21  |i 4144708  |o 372.86 HER 2004  |p 4144708  |r 2019-11-21  |w 2019-11-21  |y BK  |k EDU 
952 |0 0  |1 0  |4 0  |6 372_860000000000000_HER_2004  |7 0  |8 A  |9 382573  |a BIBEDU  |b BIBEDU  |d 2019-11-21  |i 4540719  |l 3  |m 1  |o 372.86 HER 2004  |p 4540719  |r 2023-08-08  |s 2023-08-08  |w 2019-11-21  |y BK  |k EFI 
952 |0 0  |1 0  |4 0  |6 372_860000000000000_HER_2004  |7 0  |8 A  |9 382574  |a BIBEDU  |b BIBEDU  |d 2019-11-21  |i 4783794  |o 372.86 HER 2004  |p 4783794  |r 2019-11-21  |w 2019-11-21  |y BK  |k EFI